Southville International School and Colleges
Your cart is empty.
  • Cart
  • Lists
    Public lists Eva Luna New books Lux_list list_1
    Your lists Log in to create your own lists
  • Log in to your account
  • Your cookies
  • Search history
Southville International School and Colleges
  • Advanced search
  • Recent comments
  • Most popular
  • Libraries

Log in to your account

Log in with GOOGLE


If you do not have an external account, but do have a local account, you can still log in:

  1. Home
  2. MARC view: Memory at work in the classroom :
Normal view MARC view ISBD view

Memory at work in the classroom : (Record no. 288307)

[ view plain ]
MARC details
000 -LEADER
fixed length control field 01512cam a2200325 i 4500
001 - CONTROL NUMBER
control field 18015412
003 - CONTROL NUMBER IDENTIFIER
control field PILC
005 - DATE AND TIME OF LATEST TRANSACTION
control field 20150804133335.0
008 - FIXED-LENGTH DATA ELEMENTS--GENERAL INFORMATION
fixed length control field 140122t20142014vaua b 001 0 eng
010 ## - LIBRARY OF CONGRESS CONTROL NUMBER
LC control number 2013043880
020 ## - INTERNATIONAL STANDARD BOOK NUMBER
International Standard Book Number 9781416617570 (pbk. : alk. paper)
020 ## - INTERNATIONAL STANDARD BOOK NUMBER
International Standard Book Number 1416617574 (pbk. : alk. paper)
040 ## - CATALOGING SOURCE
Original cataloging agency DLC
Language of cataloging eng
Transcribing agency DLC
Description conventions rda
Modifying agency DLC
042 ## - AUTHENTICATION CODE
Authentication code pcc
050 00 - LIBRARY OF CONGRESS CALL NUMBER
Classification number LB 1060
Item number .B35 2014
082 00 - DEWEY DECIMAL CLASSIFICATION NUMBER
Classification number 370.15/23
100 1# - MAIN ENTRY--PERSONAL NAME
Personal name Bailey, Francis
Fuller form of name (Francis M.)
245 10 - TITLE STATEMENT
Title Memory at work in the classroom :
Remainder of title strategies to help underachieving students /
Statement of responsibility, etc Francis Bailey and Ken Pransky.
300 ## - PHYSICAL DESCRIPTION
Extent xiv, 221 pages :
Other physical details illustrations ;
Dimensions 23 cm
500 ## - GENERAL NOTE
General note "ASCD product # 115005"--Title page verso.
504 ## - BIBLIOGRAPHY, ETC. NOTE
Bibliography, etc Includes bibliographical references (pages 205-213) and index.
505 0# - FORMATTED CONTENTS NOTE
Formatted contents note Why learn about memory? -- Five core memory and learning concepts -- Why do the cultural roots of learning matter so much? -- Working memory: the doorway to learning -- Executive functions -- Semantic memory: foundation of academic learning -- Semantic memory: a sociocultural perspective -- Episodic memory -- Autobiographical memory -- Practice -- Conclusion.
650 #0 - SUBJECT ADDED ENTRY--TOPICAL TERM
Topical term or geographic name as entry element Learning, Psychology of.
650 #0 - SUBJECT ADDED ENTRY--TOPICAL TERM
Topical term or geographic name as entry element Remedial teaching.
650 #0 - SUBJECT ADDED ENTRY--TOPICAL TERM
Topical term or geographic name as entry element Memory in children.
700 1# - ADDED ENTRY--PERSONAL NAME
Personal name Pransky, Ken.
906 ## - LOCAL DATA ELEMENT F, LDF (RLIN)
a 7
b cbc
c orignew
d 1
e ecip
f 20
g y-gencatlg
942 ## - ADDED ENTRY ELEMENTS (KOHA)
Source of classification or shelving scheme Library of Congress Classification
Koha item type Books
Holdings
Withdrawn status Lost status Source of classification or shelving scheme Damaged status Home library Current library Shelving location Date acquired Source of acquisition Sub Shelving location Total Checkouts Full call number Barcode Date last seen Price effective from Koha item type Public note
    Library of Congress Classification   College Library College Library Reserve Section 08/04/2015 Donation     LB 1060 .B35 2014 C19628 05/15/2018 08/04/2015 Books Reprograph copy - Location : Technical Area

Memory at work in the classroom :

APA

Bailey F., Pransky K., .Memory at work in the classroom. : .

Chicago

Bailey Francis, Pransky Ken, .Memory at work in the classroom. : .

Harvard

Bailey F., Pransky K., .Memory at work in the classroom. : .

MLA

Bailey Francis, Pransky Ken, .: . .

  • Place hold
  • Print
  • Cite
  • Add to your cart (remove)
  • Save record
    BIBTEX Dublin Core MARCXML MARC (non-Unicode/MARC-8) MARC (Unicode/UTF-8) MARC (Unicode/UTF-8, Standard) MODS (XML) RIS
  • More searches
    Search for this title in:
    Other Libraries (WorldCat) Other Databases (Google Scholar) Online Stores (Bookfinder.com) Open Library (openlibrary.org)

Exporting to Dublin Core...

SOUTHVILLE LIBRARY

Southville International School and Colleges Library

1281 Tropical Ave. Cor. Luxembourg St., BF Homes International, Las Pinas City

Tel. No. 8256374 / 252358 Loc. 117/146

Powered by Koha